Normal view
MARC view
- Pak-Afghan Relations
Entry Topical Term
001 - CONTROL NUMBER
- control field: 132345
003 - CONTROL NUMBER IDENTIFIER
- control field: NUST
005 - DATE AND TIME OF LATEST TRANSACTION
- control field: 20251217082653.0
008 - FIXED-LENGTH DATA ELEMENTS
- fixed length control field: 251217|| aca||aabn | a|a d
040 ## - CATALOGING SOURCE
- Original cataloging agency: NUST
- Transcribing agency: NUST
150 ## - HEADING--TOPICAL TERM
- Topical term or geographic name entry element: Pak-Afghan Relations
670 ## - SOURCE DATA FOUND
- Source citation: Work cat.: (NUST): Laatif, Zahid 132151, Pakistan's Search for Peace with Afghanistan:, 2025
